000 00530 a2200169 4500
000 BKB
001 071055
005 20200902150921.0
008
082 _a531.11
_bK85D
100 1 _aKrabs, Werner
245 1 _aDynamical systems
_cby Werner Krabs and Stefan Pickl
260 _aNew York
_bSpringer
_c2010
300 _a237p.
690 _aDifferentiable dynamical systems; Dynamics; Chaotic behavior in systems; Dynamics--Mathematical models
700 _aPickl, Stefan
_b
_c
999 _c4411
_d4411